[Event "28th TePe Sigeman & Co"]
[Site "Malmo SWE"]
[Date "2023.05.04"]
[Round "1"]
[White "Van Foreest, Jorden"]
[Black "Gukesh, Dommaraju"]
[Result "0-1"]
[WhiteElo "2689"]
[BlackElo "2732"]
[EventDate "2023.05.04"]
[PlyCount "118"]

1.d4 d5 2.c4 c6 3.Nf3 Nf6 4.e3 Bf5 5.Nc3 e6 6.Nh4 Be4 7.f3 Bg6 8.Qb3 Qc7 
9.Bd2 dxc4 10.Bxc4 a6 11.Be2 Be7 12.O-O-O b5 13.Nxg6 hxg6 14.Kb1 c5 15.
dxc5 Nbd7 16.h4 Nxc5 17.Qc2 Rc8 18.g4 Qb8 19.Rc1 O-O 20.h5 g5 21.h6 g6 22.
h7+ Kh8 23.a3 Rfd8 24.b4 Nb3 25.Qxb3 Rxd2 26.Rhd1 Rxd1 27.Nxd1 Rxc1+ 28.
Kxc1 Kxh7 29.Kd2 Qa7 30.Qd3 Nd7 31.Nc3 Qc7 32.Ne4 f5 33.Qc3 Qb7 34.Nf2 Bf6
35.Qb3 Qc6 36.Qc2 Qd6+ 37.Qd3 Qe7 38.Ke1 Kg7 39.Qb3 Nb6 40.e4 Bd4 41.Qd3 
Qf6 42.Nh3 Na4 43.exf5 gxf5 44.Kf1 e5 45.gxf5 Qh6 46.f4 gxf4 47.Qf3 e4 48.
f6+ Kxf6 49.Qxf4+ Qxf4+ 50.Nxf4 Nb6 51.Bd1 Bb2 52.Bc2 Ke5 53.Ng6+ Kd4 54.
Ne7 Bxa3 55.Nc6+ Ke3 56.Nb8 Bxb4 57.Nxa6 Bd6 58.Ke1 Nd5 59.Bb3 Nc3 0-1

[Event "28th TePe Sigeman & Co"]
[Site "Malmo SWE"]
[Date "2023.05.04"]
[Round "1"]
[White "Svidler, Peter"]
[Black "Mishra, Abhimanyu"]
[Result "1/2-1/2"]
[WhiteElo "2683"]
[BlackElo "2550"]
[EventDate "2023.05.04"]
[PlyCount "77"]

1.e4 c5 2.Nf3 d6 3.Bb5+ Nd7 4.Ba4 Nf6 5.O-O e6 6.d3 Be7 7.c4 O-O 8.Nc3 Ne5
9.Nxe5 dxe5 10.f4 exf4 11.Bxf4 Bd7 12.e5 Bxa4 13.Nxa4 Ne8 14.Qe2 Qd7 15.
Nc3 Rd8 16.Rf3 f5 17.exf6 Bxf6 18.Kh1 Nd6 19.Bxd6 Qxd6 20.Ne4 Qe7 21.Raf1 
Bd4 22.b3 h6 23.g3 b6 24.Kg2 Rxf3 25.Qxf3 Rf8 26.Qxf8+ Qxf8 27.Rxf8+ Kxf8 
28.Kf3 Ke7 29.Kg4 g6 30.h4 Be5 31.h5 Kf7 32.hxg6+ Kxg6 33.Kf3 h5 34.g4 
hxg4+ 35.Kxg4 Bc7 36.Kf3 Be5 37.Kg4 Bc7 38.Kf3 Be5 39.Kg4 1/2-1/2

[Event "28th TePe Sigeman & Co"]
[Site "Malmo SWE"]
[Date "2023.05.05"]
[Round "2"]
[White "Mishra, Abhimanyu"]
[Black "Van Foreest, Jorden"]
[Result "1-0"]
[WhiteElo "2550"]
[BlackElo "2689"]
[EventDate "2023.05.04"]
[PlyCount "85"]

1.d4 Nf6 2.c4 e6 3.Nf3 d5 4.g3 Bb4+ 5.Bd2 Be7 6.Bg2 Nbd7 7.O-O c6 8.Qc2 
Ne4 9.Bf4 g5 10.Be3 Nd6 11.Nbd2 h5 12.Rfd1 Nf5 13.Nf1 g4 14.Ne5 Nxe3 15.
Nxe3 Bd6 16.Nxd7 Bxd7 17.Nf1 f5 18.b4 a6 19.Rdb1 Qf6 20.e3 h4 21.a4 Rc8 
22.Qe2 hxg3 23.hxg3 dxc4 24.e4 Be7 25.Ne3 b5 26.axb5 axb5 27.exf5 exf5 28.
Ra7 Rd8 29.d5 c5 30.d6 Qxd6 31.Nd5 Rh6 32.Rd1 Re6 33.Qc2 Qe5 34.Nc7+ Kf8 
35.Nxe6+ Qxe6 36.Qc3 Bf6 37.Qd2 Bd4 38.bxc5 Be8 39.Qg5 Rd7 40.Rxd7 Qxd7 
41.Re1 Bf7 42.Qh6+ Bg7 43.Qf4 1-0

[Event "28th TePe Sigeman & Co"]
[Site "Malmo SWE"]
[Date "2023.05.05"]
[Round "2"]
[White "Gelfand, Boris"]
[Black "Svidler, Peter"]
[Result "0-1"]
[WhiteElo "2678"]
[BlackElo "2683"]
[EventDate "2023.05.04"]
[PlyCount "70"]

1.Nf3 Nf6 2.c4 d6 3.d4 g6 4.Nc3 Bf5 5.Qb3 Qc8 6.h3 c6 7.g4 Be6 8.e4 Bg7 9.
Ng5 c5 10.Nxe6 fxe6 11.d5 O-O 12.Be3 Nfd7 13.f4 Bd4 14.Nb5 e5 15.f5 a6 16.
Nxd4 exd4 17.Bf4 Nf6 18.Qf3 Nbd7 19.Bd3 b5 20.b3 Rb8 21.O-O Ne5 22.Qg3 
bxc4 23.bxc4 Nfd7 24.Bg5 Rf7 25.fxg6 hxg6 26.Rxf7 Kxf7 27.Rf1+ Ke8 28.Bc2 
Kd8 29.Bxe7+ Kc7 30.Ba4 Qe8 31.Bf6 Rb4 32.Bxe5 Qxe5 33.Qa3 d3 34.Bxd7 Rb2 
35.Qa5+ Kxd7 0-1

[Event "28th TePe Sigeman & Co"]
[Site "Malmo SWE"]
[Date "2023.05.06"]
[Round "3"]
[White "Van Foreest, Jorden"]
[Black "Gelfand, Boris"]
[Result "1-0"]
[WhiteElo "2689"]
[BlackElo "2678"]
[EventDate "2023.05.04"]
[PlyCount "93"]

1.e4 c5 2.Nf3 Nc6 3.Nc3 g6 4.d4 cxd4 5.Nxd4 Bg7 6.Be3 Nf6 7.Bc4 O-O 8.Bb3 
d5 9.exd5 Na5 10.Qf3 Nxb3 11.axb3 Bg4 12.Qg3 Bh5 13.d6 Ng4 14.h3 Nxe3 15.
fxe3 a6 16.Qh4 e5 17.Qxd8 Raxd8 18.Ne6 fxe6 19.g4 Rf3 20.Ke2 Rxh3 21.gxh5 
Rxh1 22.Rxh1 Rxd6 23.h6 Bf8 24.Ne4 Rc6 25.c3 Be7 26.Rf1 Rc8 27.b4 Rf8 28.
Rd1 Rd8 29.Rxd8+ Bxd8 30.Nc5 Be7 31.Nxb7 Kf7 32.Kf3 g5 33.Nc5 a5 34.Nd3 
axb4 35.Nxb4 Bf8 36.Kg4 Bxh6 37.Kh5 Bf8 38.Kxg5 e4 39.Kf4 Bd6+ 40.Kxe4 h5 
41.Nd3 h4 42.Nf4 Kf6 43.Kf3 Kf5 44.b4 Be7 45.b5 Bd8 46.c4 Ke5 47.c5 1-0

[Event "28th TePe Sigeman & Co"]
[Site "Malmo SWE"]
[Date "2023.05.07"]
[Round "4"]
[White "Mishra, Abhimanyu"]
[Black "Grandelius, Nils"]
[Result "1/2-1/2"]
[WhiteElo "2550"]
[BlackElo "2664"]
[EventDate "2023.05.04"]
[PlyCount "80"]

1.d4 d5 2.Nf3 Nf6 3.c4 c6 4.e3 Bf5 5.Nc3 e6 6.Nh4 Be4 7.f3 Bg6 8.Qb3 Qc7 
9.cxd5 Nxd5 10.e4 Nxc3 11.bxc3 Be7 12.Nxg6 hxg6 13.g3 Nd7 14.Kf2 b5 15.a4 
bxa4 16.Qxa4 a5 17.Bf4 e5 18.Be3 O-O 19.Be2 Rfb8 20.Rhb1 Rxb1 21.Rxb1 Nb6 
22.Qb3 exd4 23.Bxd4 Rb8 24.Bxb6 Rxb6 25.Qxb6 Qxb6+ 26.Rxb6 Bc5+ 27.Kf1 
Bxb6 28.Bd1 g5 29.Ke2 Bc7 30.Ba4 Be5 31.Kd3 c5 32.Kc4 Kf8 33.Kxc5 Bxc3 34.
Kd5 Ke7 35.e5 g6 36.Bb3 Be1 37.Ke4 Bf2 38.f4 gxf4 39.gxf4 Bb6 40.h3 Bf2 
1/2-1/2

[Event "28th TePe Sigeman & Co"]
[Site "Malmo SWE"]
[Date "2023.05.07"]
[Round "4"]
[White "Svidler, Peter"]
[Black "Van Foreest, Jorden"]
[Result "1/2-1/2"]
[WhiteElo "2683"]
[BlackElo "2689"]
[EventDate "2023.05.04"]
[PlyCount "70"]

1.e4 e5 2.Nf3 Nc6 3.Bb5 a6 4.Ba4 d6 5.O-O Bd7 6.d4 b5 7.Bb3 Nxd4 8.Nxd4 
exd4 9.c3 dxc3 10.Qh5 g6 11.Qd5 Be6 12.Qc6+ Bd7 13.Qd5 Be6 14.Qc6+ Bd7 15.
Qxc3 Nf6 16.e5 dxe5 17.Qxe5+ Qe7 18.Qc3 b4 19.Qf3 Rb8 20.Bf4 Bg7 21.Nd2 
O-O 22.Bxc7 Rbe8 23.Nc4 Ne4 24.Rae1 Bc6 25.Bd6 Nxd6 26.Rxe7 Bxf3 27.Rxe8 
Nxe8 28.gxf3 Nc7 29.Rd1 Ne6 30.Rd6 Nc5 31.Rc6 Bd4 32.Rd6 Bg7 33.Rc6 Bd4 
34.Rd6 Bg7 35.Rc6 Bd4 1/2-1/2

[Event "28th TePe Sigeman & Co"]
[Site "Malmo SWE"]
[Date "2023.05.08"]
[Round "5"]
[White "Grandelius, Nils"]
[Black "Gelfand, Boris"]
[Result "1/2-1/2"]
[WhiteElo "2664"]
[BlackElo "2678"]
[EventDate "2023.05.04"]
[PlyCount "73"]

1.e4 c5 2.Nf3 e6 3.d4 cxd4 4.Nxd4 Nf6 5.Nc3 Nc6 6.Bf4 Bb4 7.Nb5 Nxe4 8.Qf3
d5 9.Nc7+ Kf8 10.Nxa8 e5 11.Bd2 Nd4 12.Qd1 Qh4 13.g3 Qf6 14.Nxe4 Nf3+ 15.
Qxf3 Qxf3 16.Bxb4+ Kg8 17.Nd6 Qxh1 18.O-O-O Be6 19.Nc7 Qxh2 20.Nxd5 Bxd5 
21.Rxd5 Qxf2 22.Rd1 h5 23.Bc4 Qxg3 24.Bd2 Qg4 25.Bd5 Kh7 26.Nxf7 Rf8 27.
Re1 Qd4 28.Be4+ Kg8 29.Nxe5 Rf1 30.Rxf1 Qxe4 31.Nd3 Qg2 32.Re1 h4 33.Nf4 
Qg3 34.Re3 Qg1+ 35.Re1 Qg3 36.Re3 Qg1+ 37.Re1 1/2-1/2

[Event "28th TePe Sigeman & Co"]
[Site "Malmo SWE"]
[Date "2023.05.08"]
[Round "5"]
[White "Gukesh, Dommaraju"]
[Black "Mishra, Abhimanyu"]
[Result "1/2-1/2"]
[WhiteElo "2732"]
[BlackElo "2550"]
[EventDate "2023.05.04"]
[PlyCount "83"]

1.e4 c5 2.Nf3 d6 3.d4 cxd4 4.Nxd4 Nf6 5.Nc3 a6 6.Nb3 e6 7.g4 b5 8.a3 Bb7 
9.Bg2 Nfd7 10.h4 Nc6 11.Bg5 Be7 12.Bxe7 Qxe7 13.Qd2 Nc5 14.O-O-O Rd8 15.
Kb1 O-O 16.f4 b4 17.axb4 Nxb3 18.cxb3 Nxb4 19.Qe3 Qc7 20.h5 Qc5 21.Qd2 Bc6
22.g5 d5 23.h6 g6 24.Qd4 Qxd4 25.Rxd4 a5 26.Rhd1 f6 27.gxf6 Rxf6 28.Bh3 
Re8 29.e5 Rf7 30.Rc1 Bd7 31.Na4 Nc6 32.Rd2 Rxf4 33.Nc5 Nb8 34.Rdc2 Rh4 35.
Nxd7 Nxd7 36.Rc8 Rxc8 37.Bxe6+ Kf8 38.Rxc8+ Ke7 39.Bxd5 Nxe5 40.Ra8 Rxh6 
41.Rxa5 Rh2 42.Ka2 1/2-1/2

[Event "28th TePe Sigeman & Co"]
[Site "Malmo SWE"]
[Date "2023.05.09"]
[Round "6"]
[White "Svidler, Peter"]
[Black "Grandelius, Nils"]
[Result "1/2-1/2"]
[WhiteElo "2683"]
[BlackElo "2664"]
[EventDate "2023.05.04"]
[PlyCount "70"]

1.e4 c5 2.Nf3 d6 3.d4 cxd4 4.Nxd4 Nf6 5.Nc3 a6 6.Qd3 e6 7.a4 Bd7 8.Qg3 Nc6
9.Be3 Rc8 10.Bd3 Ne5 11.f4 Nh5 12.Qh3 Nxd3+ 13.cxd3 Nxf4 14.Bxf4 e5 15.Qe3
exf4 16.Qxf4 Be7 17.O-O O-O 18.Nd5 Be6 19.Nxe7+ Qxe7 20.a5 h6 21.Rac1 Bd7 
22.Nf5 Bxf5 23.Qxf5 Rc5 24.Rxc5 dxc5 25.Qd5 Qc7 26.h3 Qxa5 27.Qxb7 c4 28.
dxc4 Qc5+ 29.Kh2 Qxc4 30.Ra1 Re8 31.Qxa6 Qxe4 32.Qd6 Re6 33.Qb8+ Re8 34.
Qd6 Re6 35.Qb8+ Re8 1/2-1/2

[Event "28th TePe Sigeman & Co"]
[Site "Malmo SWE"]
[Date "2023.05.10"]
[Round "7"]
[White "Grandelius, Nils"]
[Black "Van Foreest, Jorden"]
[Result "1/2-1/2"]
[WhiteElo "2664"]
[BlackElo "2689"]
[EventDate "2023.05.04"]
[PlyCount "55"]

1.e4 e5 2.Nf3 Nc6 3.Bb5 f5 4.d3 d6 5.exf5 a6 6.Bxc6+ bxc6 7.d4 e4 8.Ng5 
Bxf5 9.f3 e3 10.Bxe3 h6 11.Ne4 Bxe4 12.fxe4 Qh4+ 13.Bf2 Qxe4+ 14.Qe2 Nf6 
15.Nd2 Qxe2+ 16.Kxe2 Rb8 17.b3 Be7 18.Rhf1 Kd7 19.c4 a5 20.Kd3 a4 21.h3 
Rhe8 22.Be3 Rf8 23.Rab1 axb3 24.axb3 Ra8 25.Ra1 Ke6 26.Rae1 Kd7 27.Ra1 Ke6
28.Rae1 1/2-1/2